Business application programming: (Record no. 17515)
[ view plain ]
| 000 -LEADER | |
|---|---|
| fixed length control field | 00987nam a22002774a 4500 |
| 005 - DATE AND TIME OF LATEST TRANSACTION | |
| control field | 20080729164931.0 |
| 008 - FIXED-LENGTH DATA ELEMENTS--GENERAL INFORMATION | |
| fixed length control field | 080416s2008 waua 001 0 eng |
| 010 ## - LCCN (DPL NO) | |
| LC control number | ENG-91491 |
| 020 ## - INTERNATIONAL STANDARD BOOK NUMBER | |
| International Standard Book Number | 8177355058 |
| Terms of availability | 75.00 |
| 035 ## - SYSTEM CONTROL NUMBER | |
| System control number | EN-75024 |
| 037 ## - SOURCE OF ACQUISITION | |
| Source of stock number/acquisition | DBAD / PUB |
| 040 ## - CATALOGING SOURCE | |
| Original cataloging agency | DPL |
| Language of cataloging | English |
| 082 ## - DEWEY DECIMAL CLASSIFICATION NUMBER | |
| Classification number | 005.13 |
| 100 ## - MAIN ENTRY--PERSONAL NAME | |
| Personal name | Mohan, S. |
| 245 ## - TITLE STATEMENT | |
| Title | Business application programming: |
| Statement of responsibility, etc | by S. Mohan |
| Remainder of title | ('C' programming) / |
| 250 ## - EDITION STATEMENT | |
| Edition statement | 2nd ed |
| 260 ## - PUBLICATION, DISTRIBUTION, ETC. (IMPRINT) | |
| Place of publication, distribution, etc | Chennai |
| Name of publisher, distributor, etc | Pavai Publications |
| Date of publication, distribution, etc | 2008 |
| 270 ## - ADDRESS | |
| Address | 142, Jani Jan Khan Raod, Royapettah, |
| City | Chennai |
| Postal code | 600014 |
| 300 ## - PHYSICAL DESCRIPTION | |
| Extent | v, 161p. |
| Dimensions | 20cm (pbk) |
| 500 ## - GENERAL NOTE | |
| General note | Includes appendix |
| 650 ## - SUBJECT ADDED ENTRY--TOPICAL TERM | |
| Topical term or geographic name as entry element | Computer programming |
| 650 ## - SUBJECT ADDED ENTRY--TOPICAL TERM | |
| Topical term or geographic name as entry element | C (Computer program language) |
| 650 ## - SUBJECT ADDED ENTRY--TOPICAL TERM | |
| Topical term or geographic name as entry element | Business |
| General subdivision | Data processing |
| 942 ## - ADDED ENTRY ELEMENTS (KOHA) | |
| Source of classification or shelving scheme | Dewey Decimal Classification |
| Item type | English Books |
| Call number suffix | MOH |
| Classification part | 005.13 |
| Withdrawn status | Lost status | Source of classification or shelving scheme | Damaged status | Not for loan | Collection code | Home library | Current library | Date acquired | Source of acquisition | Cost, normal purchase price | Total Checkouts | Full call number | Barcode | Date last seen | Copy number | Cost, replacement price | Koha item type |
|---|---|---|---|---|---|---|---|---|---|---|---|---|---|---|---|---|---|
| Dewey Decimal Classification | Not For Loan | Non-fiction | D.B.Act.Division | D.B.Act.Division | 04/11/2008 | DBAD / PUB | 75.00 | 005.13 MOH | EN-75024 | 04/11/2008 | 1 | 75.00 | English Books |
